Statistiken für Wüstenstaaten

Klicken Sie hier um das Quiz zu spielen!

Allgemein

  • Dieses Quiz wurde 148 mal gespielt
    (121 seit der letzten Aktualisierung)
  • Das Durchschnittsergebnis liegt bei 49 aus 61

Antwortstatistiken

HinweisLand% Korrekt
NordafrikaÄgypten
94%
NordafrikaMarokko
94%
NordafrikaTunesien
94%
NordafrikaAlgerien
93%
NordafrikaLibyen
93%
NordafrikaSudan
93%
AsienChina
92%
NordafrikaTschad
91%
SüdamerikaArgentinien
90%
OzeanienAustralien
90%
AsienIndien
90%
KleinasienIsrael
90%
ZentralasienMongolei
90%
EuropaRussland
90%
NordamerikaVereinigte Staaten
90%
SüdamerikaChile
89%
KleinasienIran
89%
ZentralasienKasachstan
89%
NordafrikaMali
89%
NordafrikaSüdsudan
89%
ZentralasienAfghanistan
88%
KleinasienSyrien
88%
KleinasienIrak
87%
NordafrikaNiger
87%
KleinasienJordanien
86%
AfrikaNamibia
86%
ZentralasienPakistan
86%
KleinasienSaudi-Arabien
86%
NordafrikaMauretanien
85%
KleinasienOman
85%
SüdamerikaBrasilien
84%
NordamerikaMexiko
83%
AfrikaÄthiopien
82%
KleinasienKatar
82%
SüdamerikaPeru
82%
ZentralasienUsbekistan
81%
KleinasienJemen
80%
AfrikaAngola
79%
KleinasienBahrain
79%
AfrikaSüdafrika
79%
NordamerikaKanada
78%
EuropaFinnland
77%
KleinasienVereinigte Arabische Emirate
77%
AfrikaSomalia
76%
KleinasienKuwait
75%
EuropaNorwegen
74%
ZentralasienTurkmenistan
74%
ZentralasienTadschikistan
73%
ZentralasienKirgisistan
72%
EuropaSchweden
72%
AfrikaEritrea
71%
AfrikaKenia
71%
AfrikaBotswana
70%
AfrikaDschibuti
69%
EuropaDänemark
67%
EuropaIsland
67%
VorderasienAserbaidschan
66%
SüdamerikaVenezuela
66%
AfrikaLesotho
61%
AfrikaZentralafrikanische Republik
61%
AfrikaMadagaskar
33%

Verteilung der Resultate

Perzentil nach korrekt beantworteten Fragen

Anzahl Personen mit jedem Resultat

Ihre Resultats-Entwicklung

Sie haben dieses Quiz seit der letzten Aktualisierung nicht gespielt